00889nam a2200265 i 450000500170000000800410001702000390005804000250009708200170012209000210013910000360016024501000019626400680029626400110036430000400037533600210041533700250043633800230046165000320048465000180051665000300053471000290056494200110059399900190060420260421163046.0260421t20252025my a dr 000 f may d a9786297687629cRM12.00qpaperback  aPPAKbengcPPAKerda04223a899.233300a899.2333bAINdG0 aAin Maisarah,eauthor,eeditor.10aTERPERANGKAP DALAM PIRAMID /cTHE TYPEWRITER ; Ketua Penulis Ain Maisarah ; Editor Ain Maisarah 1aBandar Baru Nilai, Negeri Sembilan :bBLINK BOOK SDN BHD,c2025 4c©2025 a111 pages :billustrations ;c19 cm atext2rdacontent aunmediated2rdamedia avolume2rdacarrier10aYoung adult fiction, Malay 20aMalay fiction24aMalaysian fiction (Malay)2 aThe Typewriter,eauthor. 2ddccB c203967d203967